| Tag |
First Indicator |
Second Indicator |
Subfields |
| LEADER |
00000cam a2200000Ka 4500 |
| 001 |
in00002531797 |
| 005 |
20151113125850.0 |
| 008 |
081122s2009 nyu 000 0 eng d |
| 015 |
|
|
|a GBA939477
|2 bnb
|
| 016 |
7 |
|
|a 015116981
|2 Uk
|
| 020 |
|
|
|a 9780765358493
|
| 020 |
|
|
|a 0765358492
|
| 029 |
1 |
|
|a AU@
|b 000044677631
|
| 029 |
1 |
|
|a NZ1
|b 13109776
|
| 035 |
|
|
|a (OCoLC)ocn276335048
|
| 035 |
|
|
|a (OCoLC)276335048
|
| 040 |
|
|
|a BTCTA
|c BTCTA
|d UKM
|d OWL
|d TXA
|d UtOrBLW
|
| 049 |
|
|
|a TXAM
|
| 082 |
0 |
4 |
|a 813.6
|2 22
|
| 090 |
|
|
|a PS3619.H85
|b G46 2009
|
| 100 |
1 |
|
|a Shufeldt, Ken.
|
| 245 |
1 |
0 |
|a Genesis /
|c Ken Shufeldt.
|
| 250 |
|
|
|a 1st ed.
|
| 264 |
|
1 |
|a New York :
|b Tom Doherty Associates,
|c 2009.
|
| 300 |
|
|
|a 310 pages ;
|c 18 cm.
|
| 336 |
|
|
|a text
|b txt
|2 rdacontent
|
| 337 |
|
|
|a unmediated
|b n
|2 rdamedia
|
| 338 |
|
|
|a volume
|b nc
|2 rdacarrier
|
| 500 |
|
|
|a "A Tor book"--title page verso.
|
| 655 |
|
7 |
|a Fantasy fiction.
|2 gsafd
|
| 650 |
|
0 |
|a Teenagers
|v Fiction.
|
| 650 |
|
0 |
|a Paranormal fiction.
|
| 938 |
|
|
|a Baker and Taylor
|b BTCP
|n BK0008046272
|
| 948 |
|
|
|a cataloged
|b h
|c 2009/12/15
|d c
|e cfellows
|f 2:11:27 pm
|
| 994 |
|
|
|a C0
|b TXA
|
| 999 |
|
|
|a MARS
|
| 999 |
f |
f |
|s 5f3b4d44-c34e-344d-9968-4660741aaa73
|i 00d173a1-2249-3a80-b17d-283a5625f98b
|t 0
|
| 952 |
f |
f |
|p noncirc
|a Texas A&M University
|b College Station
|c Cushing Memorial Library & Archives
|d Cushing: Science Fiction (Does not check out)
|t 0
|e PS3619.H85 G46 2009
|h Library of Congress classification
|i unmediated -- volume
|
| 998 |
f |
f |
|a PS3619.H85 G46 2009
|t 0
|l Cushing: Science Fiction (Does not check out)
|